00728nam a22001937a 4500999001900000005001700019010001600036020002600052035001400078037001300092082000800105100001700113245005800130260005300188270007700241300007600318942002200394952011800416 c194519d19451920221227150642.0 aENG- 135952 a9789354791802c750.00 aEN-119484 bDBAD/PUB a330 aDas, Satya P aManagerial Economics/cby Satya P. Das and J.k.Goyal aNew DelhibSage publications india pvt ltdc2022 aB1/1-1 Mohan cooperative industrial area Mathura roadbNew Delhie110044 axxv,vp bAppendix, Partial answers to select questions,indexc23cm(pbk) 2ddccENmDASh330 001040708NFICaPRbPRd2022-12-27eDBAD/PUBg750.00l0o330 DASpEN-119484r2022-12-27 00:00:00t1v750.00yEN